| 000 | 00602nam a2200229Ia 4500 | ||
|---|---|---|---|
| 003 | OSt | ||
| 005 | 20230410121919.0 | ||
| 008 | 210329s9999||||xx |||||||||||||| ||und|| | ||
| 020 | _a9812431470 | ||
| 040 | _cSTCPL | ||
| 041 | _aENG | ||
| 082 |
_a658.42 _bARU-E |
||
| 100 | _aKaulgud, Aruna | ||
| 245 | 0 |
_aEntrepreneurship management / _cby Aruna Kaulgud |
|
| 260 |
_aAustralia : _bVikas Publishing House Pvt.Ltd. , _c2003 . |
||
| 300 |
_a330 p. _bPB |
||
| 650 | _aEntrepreneurship | ||
| 650 | _aEntrepreneurial personality | ||
| 650 | _aProduction management | ||
| 942 | _cBK | ||
| 942 | _2ddc | ||
| 999 |
_c52529 _d52529 |
||